Κατάλογος Βιβλιοθηκών Mediterranean College

Ψυχοκινητική Εξέλιξη Νεογενών που Χρειάστηκαν Εντατική Νοσηλεία / Β' Νεογνικό Τμήμα Νοσοκομείου Παίδων ''Η Αγία Σοφία'' (Record no. 301)

MARC details
000 -LEADER
fixed length control field 01546cam a22002054a 4500
005 - ΗΜΕΡΟΜΗΝΙΑ ΚΑΙ ΩΡΑ ΤΕΛΕΥΤΑΙΑΣ ΕΝΗΜΕΡΩΣΗΣ
Πεδίο ελέγχου 20250605163931.0
008 - FIXED-LENGTH DATA ELEMENTS--GENERAL INFORMATION
Πεδίο ελέγχου σταθερού μήκους 250528s ||||||||||||||||||||||||d
035 ## - SYSTEM CONTROL NUMBER
System control number 14679
040 ## - ΠΗΓΗ ΚΑΤΑΛΟΓΟΓΡΑΦΗΣΗΣ
Φορέας πρωτότυπης καταλογογράφησης MC Athens Campus Library
Γλώσσα καταλογογράφησης Ελληνικά, Μοντέρνα (1453-)
Modifying agency MC Athens Campus Library
Κανόνες περιγραφικής καταλογογράφησης AACR2
245 1# - ΤΙΤΛΟΣ ΚΑΙ ΔΗΛΩΣΗ ΥΠΕΥΘΥΝΟΤΗΤΑΣ
Τίτλος Ψυχοκινητική Εξέλιξη Νεογενών που Χρειάστηκαν Εντατική Νοσηλεία / Β' Νεογνικό Τμήμα Νοσοκομείου Παίδων ''Η Αγία Σοφία''
260 ## - PUBLICATION, DISTRIBUTION, ETC.
Name of publisher, distributor, etc. Αθήνα,
Date of publication, distribution, etc. 1998
300 ## - PHYSICAL DESCRIPTION
Extent 112
520 ## - SUMMARY, ETC.
Summary, etc. 5ο Πανελλήνιο Μετεκπαιδευτικό Σεμινάριο Εντατικής Νοσηλείας Νεογνών. Εισηγητές, Πρόλογος, Διάλεξη, Παρακολούθηση της Εξέλιξης των Νεογνών που Νοσηλεύτηκαν στη Β' Μονάδα Εντατικής Νοσηλείας Νεογνών 1978-1985, Σύγχρονες Απόψεις για την Διάγνωση και Αντιμετώπιση από Ομάδα Ειδικών των Προβληματικών Νεογνών, Δυνατότητες Αντιμετώπισης Παιδιών με Ειδικά Προβλήματα στην Ελλάδα Σήμερα, Ο Παιδίατρος και το Παιδί που Νοσηλεύτηκε σε Μονάδα Εντατικής Νοσηλείας Νεογνών.
700 1# - ΠΡΟΣΘΕΤΗ ΑΝΑΓΡΑΦΗ--ΦΥΣΙΚΟ ΠΡΟΣΩΠΟ
Personal name Ξάνθου Μ
9 (RLIN) 420
700 1# - ΠΡΟΣΘΕΤΗ ΑΝΑΓΡΑΦΗ--ΦΥΣΙΚΟ ΠΡΟΣΩΠΟ
Personal name Πανταζάτου Ε
9 (RLIN) 421
700 1# - ΠΡΟΣΘΕΤΗ ΑΝΑΓΡΑΦΗ--ΦΥΣΙΚΟ ΠΡΟΣΩΠΟ
Personal name Φωτόπουλος Σ
9 (RLIN) 422
942 ## - ADDED ENTRY ELEMENTS (KOHA)
Koha item type Books
Holdings
Τύπος τεκμηρίου Βιβλιοθήκη Τρέχουσα τοποθεσία Barcode Αριθμός εισαγωγής Ημερομηνία απόκτησης Ταξιθετικό σύμβολο Αριθμός αντιτύπου Κατάσταση απόσυρσης Κατάσταση χαμένου Κατάσταση κατεστραμμένου Μη δανεισμός Σύνολο δανεισμών Ημερομηνία τελευταίας εμφάνισης Η τιμή ισχύει από
Books MC Athens Campus Library MC Athens Campus Library 9780000003003 3573 05/06/2025 155.422 KSA 1           05/06/2025 05/06/2025

MC Athens Campus Library
Πατησίων 94 & Κοδριγκτώνος 13, 104 34
Πελλήνης 8 & Πατησίων 107, 112 51
Τ: +30 210 8899600

MC Thessaloniki Campus Library
Ίωνος Δραγούμη 21, 54625 | Ίωνος Δραγούμη 15, 54625
Τ: +30 2310 287779 – Τ: +30 2314 440300